Biostatistics / (Record no. 5223)

MARC details
000 -LEADER
fixed length control field 00573 a2200193 4500
010 ## - LCCN (DPL NO)
LC control number ENG-86784
020 ## - INTERNATIONAL STANDARD BOOK NUMBER
International Standard Book Number 8183185568
Terms of availability 275.00
035 ## - SYSTEM CONTROL NUMBER
System control number EN-70317
037 ## - SOURCE OF ACQUISITION
Source of stock number/acquisition DBAD / PUB
082 00 - DEWEY DECIMAL CLASSIFICATION NUMBER
Classification number 574.015195
100 1# - MAIN ENTRY--PERSONAL NAME
Personal name Arora, P.N.
245 10 - TITLE STATEMENT
Title Biostatistics /
Statement of responsibility, etc by P.N. Arora [and] P.K. Malhan
250 ## - EDITION STATEMENT
Edition statement rev. ed
260 ## - PUBLICATION, DISTRIBUTION, ETC. (IMPRINT)
Place of publication, distribution, etc Mumbai
Name of publisher, distributor, etc Himalaya Publishing House
Date of publication, distribution, etc 2006
270 ## - ADDRESS
Address "Ramdoot", Dr. Bhalerao Marg, Girgaon
City Mumbai
Postal code 400 004
300 ## - PHYSICAL DESCRIPTION
Extent xii, 578p
Dimensions 24 cm. (Pbk)
700 ## - ADDED ENTRY--PERSONAL NAME
Personal name Malhan, P.K.
942 ## - ADDED ENTRY ELEMENTS (KOHA)
Institution code [OBSOLETE] dpl
Item type English Books
Source of classification or shelving scheme Dewey Decimal Classification
Classification part 574.015195
Call number suffix ARO
Holdings
Withdrawn status Lost status Not for loan Collection code Home library Current library Source of acquisition Cost, normal purchase price Full call number Barcode Copy number Cost, replacement price Koha item type
    Not For Loan Non-fiction D.B.Act.Division D.B.Act.Division DBAD/PUB 275.00 574.015195 ARO EN-70317 1 275.00 English Books

© Delhi Public Library
Hit Counter
free hit counter